Organic chemistry Ed 7 (Record no. 165979)
[ view plain ]
| 000 -LEADER | |
|---|---|
| fixed length control field | 00585nam a2200241Ia 4500 |
| 003 - CONTROL NUMBER IDENTIFIER | |
| control field | OSt |
| 005 - DATE AND TIME OF LATEST TRANSACTION | |
| control field | 20230511135524.0 |
| 008 - FIXED-LENGTH DATA ELEMENTS--GENERAL INFORMATION | |
| fixed length control field | 210423s2014 xx 000 0 und d |
| 020 ## - INTERNATIONAL STANDARD BOOK NUMBER | |
| International Standard Book Number | 978-93-325-1904-6 |
| 040 ## - CATALOGING SOURCE | |
| Transcribing agency | AL |
| 041 ## - LANGUAGE CODE | |
| Language code of text/sound track or separate title | eng |
| 082 ## - DEWEY DECIMAL CLASSIFICATION NUMBER | |
| Classification number | 547 BRUO |
| 100 ## - MAIN ENTRY--PERSONAL NAME | |
| Personal name | BRUICE (Paula Y) |
| 9 (RLIN) | 102997 |
| 245 ## - TITLE STATEMENT | |
| Title | Organic chemistry Ed 7 |
| 250 ## - EDITION STATEMENT | |
| Edition statement | 7 |
| 260 ## - PUBLICATION, DISTRIBUTION, ETC. | |
| Place of publication, distribution, etc. | New Delhi |
| Name of publisher, distributor, etc. | Pearson |
| Date of publication, distribution, etc. | 2014 |
| 300 ## - PHYSICAL DESCRIPTION | |
| Extent | 1336p |
| Other physical details | PB |
| 365 ## - TRADE PRICE | |
| Price amount | 1045 |
| Currency code | INR |
| 650 ## - SUBJECT ADDED ENTRY--TOPICAL TERM | |
| Topical term or geographic name entry element | Chemistry |
| 9 (RLIN) | 102998 |
| 650 ## - SUBJECT ADDED ENTRY--TOPICAL TERM | |
| Topical term or geographic name entry element | Organic Chemistry |
| 9 (RLIN) | 102999 |
| 906 ## - LOCAL DATA ELEMENT F, LDF (RLIN) | |
| a | chemistry ; Ed ; Organic |
| 942 ## - ADDED ENTRY ELEMENTS (KOHA) | |
| Source of classification or shelving scheme | Dewey Decimal Classification |
| Koha item type | Book |
| Withdrawn status | Lost status | Damaged status | Not for loan | Collection code | Home library | Current library | Date acquired | Source of acquisition | Cost, normal purchase price | Total Checkouts | Full call number | Barcode | Date last seen | Date last checked out | Price effective from | Koha item type |
|---|---|---|---|---|---|---|---|---|---|---|---|---|---|---|---|---|
| Analytical Chemistry | St Aloysius PG Library | St Aloysius PG Library | 10/31/2014 | Intact Bookhouse | 1045.00 | 2 | 547 BRUO | PG012478 | 06/01/2023 | 09/23/2022 | 04/26/2021 | Book |